Taylor Swift songs by letter - B - Statistics

General Stats
  • This quiz has been taken 85 times
  • The average score is 8 of 15
Answer Stats
Answer % Correct
Bad Blood
76%
Better Than Revenge
74%
betty
74%
Back To December
72%
Better Man
68%
Begin Again
64%
Babe
60%
Blank Space
60%
Bejeweled
58%
Bye Bye Baby
52%
Breathe
46%
Bigger Than The Whole Sky
42%
But Daddy I Love Him
42%
Beautiful Eyes
28%
Beautiful Ghosts
22%
No matching quizzes found
Score Distribution
Percent of People with Each Score
Percentile by Number Answered
Your Score History
You have not taken this quiz